| 000 | 00591nam a2200229Ia 4500 | ||
|---|---|---|---|
| 005 | 20250425161321.0 | ||
| 008 | 250425s9999 xx 000 0 und d | ||
| 041 | _aspa | ||
| 082 | _a305.898 66 | ||
| 245 | 0 | _aYO DECLARO CON FRANQUEZA, CASHNAMI CAUSASHCANCHIC, MEMORIA ORAL DE PESILLO-CAYAMBE | |
| 250 | _a2A ED. | ||
| 260 |
_aEcuador _bABYA-YALA _c1988 |
||
| 260 | _aS.L. | ||
| 300 | _a288 | ||
| 650 | _aANDES ECUATORIANOS | ||
| 650 | _aETNOGRAFIA | ||
| 650 | _aINDIOS DE AMERICA DEL SUR | ||
| 650 | _aLEYENDAS | ||
| 650 | _aTRADICION ORAL | ||
| 942 | _c01 | ||
| 010 | _a17600 | ||
| 999 |
_c206788 _d206788 |
||